00345nam a2200133Ia 4500008004100000041000800041082001400049100001900063245004500082250001400127260003200141300003100173365000700204240624s9999 xx 000 0 und d aeng a657.3 WHI aWHITE GERALD I aANALYSIS AND USE OF FINANCIAL STATEMENTS a(3rd ed.) c2003aSingaporebJohn Wiley axii, : 767 : p. : cm. ; 25 cRS